| 000 | 00603nam a2200253Ia 4500 | ||
|---|---|---|---|
| 005 | 20250425161355.0 | ||
| 008 | 250425s9999 xx 000 0 und d | ||
| 020 | _a0471113697 | ||
| 041 | _aeng | ||
| 082 | _a620.1 | ||
| 100 | _aBRUCH, CHARLES D. | ||
| 245 | 0 | _aMECHANICS FOR TECHNOLOGY | |
| 250 | _aS.E. | ||
| 260 |
_aEstados Unidos _bJOHN WILEY _c1976 |
||
| 260 | _aNEW YORK | ||
| 300 | _a386 | ||
| 500 | _aConsultar D-6408 en BIBTEC | ||
| 650 | _aDINAMICA | ||
| 650 | _aESTATICA | ||
| 650 | _aFRICCION (MECANICA) | ||
| 650 | _aMECANICA APLICADA | ||
| 942 | _c01 | ||
| 010 | _a18851 | ||
| 999 |
_c207945 _d207945 |
||